[Event "Wloclawek-ch"]
[Site "Wloclawek"]
[Date "2012.??.??"]
[Round "7"]
[White "Augustowski, Janusz"]
[Black "Glinski, Mateusz"]
[Result "1-0"]
[WhiteElo "1895"]
[BlackElo "1800"]
[PlyCount "93"]
[EventDate "2012.09.??"]
[EventType "swiss"]
[EventRounds "9"]
[EventCountry "POL"]
[SourceTitle "EXT 2021"]
[Source "ChessBase"]
[SourceDate "2020.10.23"]
[SourceVersion "1"]
[SourceVersionDate "2020.10.23"]
[SourceQuality "1"]

1. Nf3 d5 2. d4 Nf6 3. g3 c6 4. Bg2 g6 5. 0-0 Bg7 6. b3 0-0 7. Bb2 Bf5 8. Nh4 Bd7 9. c4 Qc8 10. Re1 Bh3 11. Bh1 Bf5 12. Nc3 Qe6 13. Nxf5 Qxf5 14. e4 dxe4 15. Nxe4 Nbd7 16. Qe2 Nxe4 17. Bxe4 Qe6 18. d5 cxd5 19. Bxg7 Kxg7 20. Bxd5 Qxe2 21. Rxe2 e6 22. Bxb7 Rab8 23. Bc6 Nc5 24. Rd1 Rb6 25. Bg2 Rc8 26. Red2 a5 27. Rd6 Rcb8 28. Rxb6 Rxb6 29. Rb1 Rb4 30. Bf3 a4 31. Bd1 Ne4 32. a3 Rb8 33. b4 Rc8 34. Rc1 Nd6 35. c5 Nb5 36. Bxa4 Nxa3 37. Bd7 Rc7 38. Rc3 Nb1 39. Rd3 Na3 40. Rxa3 Rxd7 41. c6 Rd1+ 42. Kg2 Rc1 43. b5 Kf8 44. Ra7 Ke8 45. c7 Kd7 46. b6 Rb1 47. Ra8 1-0

[Event "Wloclawek CC Classic 03rd"]
[Site "Wloclawek"]
[Date "2012.??.??"]
[Round "4"]
[White "Glinski, Mateusz"]
[Black "Lukomska, Dominika"]
[Result "1-0"]
[WhiteElo "1000"]
[BlackElo "1000"]
[PlyCount "49"]
[EventDate "2012.02.??"]
[EventType "swiss"]
[EventRounds "7"]
[EventCountry "POL"]
[SourceTitle "EXT 2021"]
[Source "ChessBase"]
[SourceDate "2020.10.23"]
[SourceVersion "1"]
[SourceVersionDate "2020.10.23"]
[SourceQuality "1"]

1. e4 e5 2. Nf3 Nc6 3. Bc4 Nf6 4. 0-0 Nxe4 5. Re1 d5 6. Bd3 Bb4 7. Bxe4 dxe4 8. Rxe4 Bf5 9. Re2 0-0 10. c3 Bd6 11. d4 e4 12. Ng5 Be7 13. Nxe4 Re8 14. Ng3 Bg4 15. f3 Be6 16. Be3 Rc8 17. Rd2 Bh4 18. Nf1 Bc4 19. d5 Ne5 20. f4 Ng4 21. g3 Bf6 22. Bxa7 Bb5 23. Qxg4 Ra8 24. Bd4 Be7 25. Qxg7# 1-0

[Event "Wloclawek-ch"]
[Site "Wloclawek"]
[Date "2012.??.??"]
[Round "9"]
[White "Lyczko, Piotr"]
[Black "Glinski, Mateusz"]
[Result "1-0"]
[WhiteElo "1400"]
[BlackElo "1800"]
[PlyCount "49"]
[EventDate "2012.09.??"]
[EventType "swiss"]
[EventRounds "9"]
[EventCountry "POL"]
[SourceTitle "EXT 2021"]
[Source "ChessBase"]
[SourceDate "2020.10.23"]
[SourceVersion "1"]
[SourceVersionDate "2020.10.23"]
[SourceQuality "1"]

1. e4 c6 2. d4 d5 3. Nc3 dxe4 4. Nxe4 Bf5 5. Ng3 Bg6 6. Nf3 e6 7. h4 h5 8. Ne5 Ne7 9. Nxg6 Nxg6 10. Nxh5 Nxh4 11. Ng3 Ng6 12. Rxh8 Nxh8 13. Bd3 Bd6 14. Qf3 Bxg3 15. Qxg3 Qxd4 16. Bf4 Qxb2 17. Be5 Qb4+ 18. Ke2 Nd7 19. Qxg7 Qf8 20. Qxh8 Qxh8 21. Bxh8 f6 22. Rh1 Kf7 23. Rh7+ Kg8 24. Rxd7 Kxh8 25. Rxb7 1-0